| 000 | 00706nam a2200241Ia 4500 | ||
|---|---|---|---|
| 003 | OSt | ||
| 005 | 20220925195521.0 | ||
| 006 | a|||||r|||| 00| 0 | ||
| 007 | ta | ||
| 008 | 220923b |||||||| |||| 00| 0 eng d | ||
| 037 | _cGeneral Book | ||
| 040 |
_aRTL _cRTL _beng |
||
| 041 |
_2eng _aeng |
||
| 082 | _aY41, K7 | ||
| 100 |
_aAbrahamson Mark _9136602 |
||
| 245 | 0 | _aProfessional in the organization | |
| 260 |
_aChicago _bRand Mcnally _c1967 |
||
| 300 |
_aix, 158p _ccm. |
||
| 490 | _aRand Monally Series in the Organization Sciences. Ed by Robert T Golembiewski | ||
| 650 |
_aProfession _9237791 |
||
| 942 |
_hY41, K7 _cGB _2CC |
||
| 999 |
_c533259 _d533259 |
||